From "Atheism" to "Religious Indifference": Suggestions for Future Research on Secularization
| Main Author: | |
|---|---|
| Format: | Electronic Article |
| Language: | English |
| Check availability: | HBZ Gateway |
| Interlibrary Loan: | Interlibrary Loan for the Fachinformationsdienste (Specialized Information Services in Germany) |
| Published: |
[2016]
|
| In: |
Annual review of the sociology of religion
Year: 2016, Volume: 7, Pages: 1-16 |
| Online Access: |
Presumably Free Access Volltext (Resolving-System) Volltext (doi) |
MARC
| LEADER | 00000naa a22000002c 4500 | ||
|---|---|---|---|
| 001 | 1693331071 | ||
| 003 | DE-627 | ||
| 005 | 20200326083603.0 | ||
| 007 | cr uuu---uuuuu | ||
| 008 | 200326s2016 xx |||||o 00| ||eng c | ||
| 024 | 7 | |a 10.1163/9789004319301_002 |2 doi | |
| 035 | |a (DE-627)1693331071 | ||
| 035 | |a (DE-599)KXP1693331071 | ||
| 040 | |a DE-627 |b ger |c DE-627 |e rda | ||
| 041 | |a eng | ||
| 084 | |a 0 |2 ssgn | ||
| 100 | 1 | |e VerfasserIn |0 (DE-588)136165176 |0 (DE-627)577204122 |0 (DE-576)186646968 |4 aut |a Franzmann, Manuel |d 1968- | |
| 109 | |a Franzmann, Manuel 1968- | ||
| 245 | 1 | 0 | |a From "Atheism" to "Religious Indifference" |b Suggestions for Future Research on Secularization |
| 264 | 1 | |c [2016] | |
| 336 | |a Text |b txt |2 rdacontent | ||
| 337 | |a Computermedien |b c |2 rdamedia | ||
| 338 | |a Online-Ressource |b cr |2 rdacarrier | ||
| 601 | |a Atheismus | ||
| 601 | |a Suggestion | ||
| 773 | 0 | 8 | |i Enthalten in |t Annual review of the sociology of religion |d Leiden : Brill, 2010 |g 7(2016), Seite 1-16 |h Online-Ressource |w (DE-627)1028077963 |w (DE-600)2936913-7 |w (DE-576)507874315 |7 nnas |
| 773 | 1 | 8 | |g volume:7 |g year:2016 |g pages:1-16 |
| 856 | |u https://www.ssoar.info/ssoar/bitstream/document/64045/1/ssoar-arsocioreli-2016-franzmann-From_Atheism_to_Religious_Indifference.pdf |x unpaywall |z Vermutlich kostenfreier Zugang |h repository [oa repository (via OAI-PMH doi match)] | ||
| 856 | 4 | 0 | |u https://brill.com/view/book/edcoll/9789004319301/B9789004319301-s002.xml |x Resolving-System |7 1 |
| 856 | |u https://doi.org/10.1163/9789004319301_002 |x doi |3 Volltext | ||
| 951 | |a AR | ||
| ELC | |a 1 | ||
| LOK | |0 000 xxxxxcx a22 zn 4500 | ||
| LOK | |0 001 3613847124 | ||
| LOK | |0 003 DE-627 | ||
| LOK | |0 004 1693331071 | ||
| LOK | |0 005 20200326083603 | ||
| LOK | |0 008 200326||||||||||||||||ger||||||| | ||
| LOK | |0 040 |a DE-Tue135 |c DE-627 |d DE-Tue135 | ||
| LOK | |0 092 |o n | ||
| LOK | |0 852 |a DE-Tue135 | ||
| LOK | |0 852 1 |9 00 | ||
| LOK | |0 935 |a ixzs |a ixzo |a rwrk | ||
| LOK | |0 939 |a 26-03-20 |b l01 | ||
| OAS | |a 1 | ||
| ORI | |a SA-MARC-ixtheoa001.raw | ||
| REL | |a 1 | ||
| SUB | |a REL | ||



